Statistics for Avengers age of Ultron

Click here to take the quiz!

General Stats

  • This quiz has been taken 638 times
  • The average score is 8 of 9

Answer Stats

HintAnswer% Correct
Iron man
97%
Captain America
93%
AvengersHulk
91%
Thor
89%
Blackwidow
88%
Hawkeye
86%
TwinsQuick silver
83%
Scarlet Witch
82%
EnemysUltron
82%

Score Distribution

Percentile by Number Answered

Percent of People with Each Score

Your Score History

You have not taken this quiz